Normal view
MARC view
Entry Topical Term
001 - CONTROL NUMBER
- control field: 46576
003 - CONTROL NUMBER IDENTIFIER
- control field: OSt
005 - DATE AND TIME OF LATEST TRANSACTION
- control field: 20240712143112.0
008 - FIXED-LENGTH DATA ELEMENTS
- fixed length control field: 240712|| aca||aabn | a|a d
040 ## - CATALOGING SOURCE
- Original cataloging agency: OSt
- Transcribing agency: OSt
150 ## - HEADING--TOPICAL TERM
- Topical term or geographic name entry element: South China Sea Region - Strategic aspects
670 ## - SOURCE DATA FOUND
- Source citation: Work cat.: (OSt): Kaplan, Robert D. 46573, Asia's cauldron: the South China sea and the end of a stable pacific, 2014
